Několik poznámek k informatizaci v ČSFR.

Nedostatky rozvoja výpočtovej techniky a informatizácie v ČSFR. Chybné rozdelenie spoločenských úloh medzi špecialistom programátorom a úživateľom výpočtovej techniky ako príčina problémov. Čs. normy ako permanentná brzda rozvoja. Nevyhnutnosť prispôsobenia čs. špecifík svetových konvenciám.

Salvato in:
Dettagli Bibliografici
Autore principale: Šoler, J.
Natura: Capitolo di libro
Lingua:ceco
Soggetti:
Tags: Aggiungi Tag
Nessun Tag, puoi essere il primo ad aggiungerne!!

MARC

LEADER 00000naa a2200000 4500
001 r009347
005 20220831084650.4
041 0 |a cze 
044 |a [CS] 
245 1 0 |a Několik poznámek k informatizaci v ČSFR.  |c J. Šoler 
520 |a Nedostatky rozvoja výpočtovej techniky a informatizácie v ČSFR. Chybné rozdelenie spoločenských úloh medzi špecialistom programátorom a úživateľom výpočtovej techniky ako príčina problémov. Čs. normy ako permanentná brzda rozvoja. Nevyhnutnosť prispôsobenia čs. špecifík svetových konvenciám. 
610 2 0 |a informatizácia 
610 2 0 |a ČSFR 
610 2 0 |a technika výpočtová 
610 2 0 |a využitie počítačov 
610 2 0 |a programátori 
610 2 0 |a normy 
100 1 |a Šoler, J.